000 00515nam a2200181Ia 4500
003 OSt
005 20260324143939.0
008 190216s9999||||xx |||||||||||||| ||und||
020 _a9789352821686
040 _coclc
082 _a889.33
_bKAZ/Z
100 _aKazantzakis, Nikos
_96143
245 0 _aZorba = Zorba The Greek /
_cNikos Kazantzakis
260 _bD C Books,
_c2018.
_aKottayam:
300 _a246p
650 _aMalayalam Novel
942 _cBK
_2ddc
_h889.33
_iKAZ/Z
_k889.33
_mKAZ/Z
999 _c15211
_d15211